Сольный концерт солиста Государственного академического Большого театра Союза ССР заслуженного артиста Республики Владимира Ричардовича Сливинского. Вторник, 26 декабря 1944 г. (Запись № 47962)
[ простой вид ]
| 000 -МАРКЕР | |
|---|---|
| контрольное поле | 04167nam0a2200553 4500 |
| 001 - ИДЕНТИФИКАТОР ЗАПИСИ | |
| контрольное поле | RU\NLR\BIBL_A\012008583 |
| 005 - ИДЕНТИФИКАТОР ВЕРСИИ | |
| контрольное поле | 20250809113150.0 |
| 020 ## - НОМЕР ДОКУМЕНТА В НАЦИОНАЛЬНОЙ БИБЛИОГРАФИИ | |
| Код страны | российская федерация |
| Основное заглавие издания Российской книжной палаты | Ленинград в Великой Отечественной войне. Коллекция. Афиши |
| 035 ## - ДРУГИЕ СИСТЕМНЫЕ НОМЕРА | |
| Идентификатор записи | (NLR Aleph) 012008583 |
| 100 ## - ДАННЫЕ ОБЩЕЙ ОБРАБОТКИ | |
| Данные общей обработки | 20190513d1944 u y0rusy50 ca |
| 101 0# - ЯЗЫК РЕСУРСА | |
| Язык текста, звукозаписи и т.д. | русский |
| 102 ## - СТРАНА ПУБЛИКАЦИИ ИЛИ ПРОИЗВОДСТВА | |
| Страна публикации | российская федерация |
| 105 ## - ПОЛЕ КОДИРОВАННЫХ ДАННЫХ: ТЕКСТОВЫЕ МАТЕРИАЛЫ, МОНОГРАФИЧЕСКИЕ | |
| Кодированные данные о монографическом текстовом документе | y z 000zy |
| 135 ## - ПОЛЕ КОДИРОВАННЫХ ДАННЫХ: ЭЛЕКТРОННЫЕ РЕСУРСЫ | |
| Кодированные данные для электронного ресурса | crcn 024anaba |
| 200 1# - ЗАГЛАВИЕ И СВЕДЕНИЯ ОБ ОТВЕТСТВЕННОСТИ | |
| Основное заглавие | Сольный концерт солиста Государственного академического Большого театра Союза ССР заслуженного артиста Республики Владимира Ричардовича Сливинского. Вторник, 26 декабря 1944 г. |
| Сведения, относящиеся к заглавию | при участии лауреатов Всесоюзного конкурса В.Х. Разумовской (фортепиано), И.А. Шпильберга (скрипка) и В.С. Чернявского (художеств. чтение). Партия фортепиано - засл. арт. РСФСР С.О. Давыдова |
| -- | [афиша] |
| Первые сведения об ответственности | Ленинградская государственная ордена Трудового Красного Знамени Филармония, Большой зал |
| 210 ## - ПУБЛИКАЦИЯ, РАСПРОСТРАНЕНИЕ И ДР. | |
| Место издания, распространения и т.д. | [Ленинград] |
| Имя издателя, распространителя и т. д. | Тип. № 4 им. Григорьева Н. |
| Дата издания, распространения и т.д. | 1944 |
| 215 ## - ФИЗИЧЕСКАЯ ХАРАКТЕРИСТИКА | |
| Специфическое обозначение материала и объем | 1 л. |
| Размеры | 57х69 |
| 300 ## - ОБЩИЕ ПРИМЕЧАНИЯ | |
| Текст примечания | Начало концерта в 8 час. 30 мин. вечера. Вход в зал после 3-го звонка не допускается. Билеты продаются в кассе Филармонии ежедневно с 11 час. утра до 3 час. дня и с 4 час. дня до 8 час. вечера |
| 300 ## - ОБЩИЕ ПРИМЕЧАНИЯ | |
| Текст примечания | Зак. № 1285 |
| 300 ## - ОБЩИЕ ПРИМЕЧАНИЯ | |
| Текст примечания | В конце афиши: Весь сбор поступит в Фонд обороны страны |
| 325 ## - ПРИМЕЧАНИЕ О КОПИИ | |
| Текст примечания | Копия доступна в Электрон. б-ке РНБ |
| 540 1# - ДОПОЛНИТЕЛЬНОЕ ЗАГЛАВИЕ, ПРИМЕНЯЕМОЕ КАТАЛОГИЗАТОРОМ | |
| Заглавие | Весь сбор поступит в Фонд обороны страны |
| 606 1# - НАИМЕНОВАНИЕ ТЕМЫ КАК ПРЕДМЕТ | |
| Наименование темы | Театральная жизнь |
| Географический подзаголовок | Ленинград, город |
| Хронологический подзаголовок | 1941 - 1944 |
| Формальный подзаголовок | Афиши |
| Код системы | nlr_sh2 |
| Идентификатор авторитетной/нормативной записи | RU\NLR\AUTH\6601649837 |
| 686 ## - ИНДЕКСЫ ДРУГИХ КЛАССИФИКАЦИЙ | |
| Индекс | Щ333(2Р=Рус)7- 692Ленинград |
| 702 #1 - ИМЯ ЛИЦА - ВТОРИЧНАЯ ОТВЕТСТВЕННОСТЬ | |
| Начальный элемент ввода | Сливинский |
| Часть имени, кроме начального элемента ввода | В. Р. |
| Дополнения к именам, кроме дат | певец, опера |
| Даты | 1894-1949 |
| Расширение инициалов личного имени | Владимир Ричардович |
| Идентификатор авторитетной/нормативной записи | RU\NLR\AUTH\770205965 |
| Код отношения | Актер |
| 702 #1 - ИМЯ ЛИЦА - ВТОРИЧНАЯ ОТВЕТСТВЕННОСТЬ | |
| Начальный элемент ввода | Разумовская |
| Часть имени, кроме начального элемента ввода | В. Х. |
| Дополнения к именам, кроме дат | пианистка |
| Даты | 1904-1967 |
| Расширение инициалов личного имени | Вера Харитоновна |
| Идентификатор авторитетной/нормативной записи | RU\NLR\AUTH\770205979 |
| Код отношения | Актер |
| 702 #1 - ИМЯ ЛИЦА - ВТОРИЧНАЯ ОТВЕТСТВЕННОСТЬ | |
| Начальный элемент ввода | Шпильберг |
| Часть имени, кроме начального элемента ввода | И. А. |
| Дополнения к именам, кроме дат | артист, скрипка |
| Даты | 1910-2000 |
| Расширение инициалов личного имени | Илья Абрамович |
| Идентификатор авторитетной/нормативной записи | RU\NLR\AUTH\770205987 |
| Код отношения | Актер |
| 702 #1 - ИМЯ ЛИЦА - ВТОРИЧНАЯ ОТВЕТСТВЕННОСТЬ | |
| Начальный элемент ввода | Чернявский |
| Часть имени, кроме начального элемента ввода | В. С. |
| Дополнения к именам, кроме дат | артист, чтец |
| Даты | 1889-1948 |
| Расширение инициалов личного имени | Владимир Степанович |
| Идентификатор авторитетной/нормативной записи | RU\NLR\AUTH\770202820 |
| Код отношения | Актер |
| 702 #1 - ИМЯ ЛИЦА - ВТОРИЧНАЯ ОТВЕТСТВЕННОСТЬ | |
| Начальный элемент ввода | Давыдова |
| Часть имени, кроме начального элемента ввода | С. О. |
| Дополнения к именам, кроме дат | пианистка-ансамблистка |
| Даты | 1875- 1958 |
| Расширение инициалов личного имени | Софья Осиповна |
| Идентификатор авторитетной/нормативной записи | RU\NLR\AUTH\770205956 |
| Код отношения | Актер |
| 712 02 - НАИМЕНОВАНИЕ ОРГАНИЗАЦИИ - ВТОРИЧНАЯ ОТВЕТСТВЕННОСТЬ | |
| Начальный элемент ввода | Ленинградская филармония им. Д. Д. Шостаковича |
| Структурное подразделение | Большой зал |
| Идентификатор авторитетной/нормативной записи | RU\NLR\AUTH\880496902 |
| Код отношения | Прочие |
| 852 ## - МЕСТОНАХОЖДЕНИЕ И ШИФР ХРАНЕНИЯ | |
| Идентификатор организации | NLR |
| Шифр хранения (Call Number) | Л3-330а/4/3/1944-дек.(13) |
| 856 #0 - МЕСТОНАХОЖДЕНИЕ ЭЛЕКТРОННЫХ РЕСУРОВ И ДОСТУП К НИМ | |
| Универсальный идентификатор ресурса (Uniform Resource Identifier) | http://vivaldi.nlr.ru/la700000707/view |
| 856 #1 - МЕСТОНАХОЖДЕНИЕ ЭЛЕКТРОННЫХ РЕСУРОВ И ДОСТУП К НИМ | |
| Универсальный идентификатор ресурса (Uniform Resource Identifier) | http://vivaldi.nlr.ru/la700000707/cover |
| 856 #2 - МЕСТОНАХОЖДЕНИЕ ЭЛЕКТРОННЫХ РЕСУРОВ И ДОСТУП К НИМ | |
| Универсальный идентификатор ресурса (Uniform Resource Identifier) | http://vivaldi.nlr.ru/la700000707/text |
| 942 ## - ДОПОЛНИТЕЛЬНЫЕ ЭЛЕМЕНТЫ ЗАПИСИ (АБИС) | |
| Тип экземпляра АБИС | Визуальный материал |
| 945 ## - Информацию об издании предоставили: | |
| Полное название организации, предоставившей материал | Российская национальная библиотека |
| 980 ## - КОЛЛЕКЦИЯ | |
| Название коллекции | Национальная библиография |
| 980 ## - КОЛЛЕКЦИЯ | |
| Название коллекции | Библиография Победы |
| 980 3# - КОЛЛЕКЦИЯ | |
| Название коллекции | КП2019 Ленинград в Великой Отечественной войне |
| 980 3# - КОЛЛЕКЦИЯ | |
| Название коллекции | Книжные памятники РНБ |
| 981 37 - КОЛЛЕКЦИЯ ЭЛЕКТРОННОЙ БИБЛИОТЕКИ | |
| Название коллекции | Ленинград в Великой Отечественной войне |
| Название подколлекции | Афиши блокадного Ленинграда |
Нет доступных экземпляров.





